000
00258nam a22001217a 4500
040
_c
SY
082
_a
352
100
_a
NA
245
_a
ការគ្រប់គ្រងសត្វព្រៃ
260
_a
RUA
_b
NA
_c
2007
300
_a
69p.
942
_c
KB
999
_c
9082
_d
9082